[Event "Novi Sad op"]
[Site "Novi Sad"]
[Date "1989.??.??"]
[Round "8"]
[White "Spyra, Wojciech"]
[Black "Licina, Zoran"]
[Result "0-1"]
[WhiteElo "2310"]
[BlackElo "2250"]

1.e4 c5 2.Nf3 d6 3.d4 cxd4 4.Nxd4 Nf6 5.Nc3 a6 6.Be3 e5 7.Nb3 Be6 8.Qd2 Nbd7
9.O-O-O b5 10.f3 Be7 11.g4 O-O 12.h4 Nb6 13.h5 b4 14.Ne2 Nc4 15.Qd3 Nxe3
16.Qxe3 Nxg4 17.Qg1 Bg5+ 18.Kb1 Ne3 19.Rd3 Nxf1 20.Qxf1 Bc4 21.Rd1 Rc8 22.Qg2 h6
23.Ng3 Rc6 24.Nf5 Qc7 25.f4 Bxb3 26.cxb3 exf4 27.Qd2 Bf6 28.Rc1 Rc8 29.Rc4 Rxc4
30.bxc4 Qxc4 31.Nxd6 Qc6 32.Rd1 Rc7 33.Re1 Rd7 34.e5 Bxe5 35.Rxe5 Rxd6 36.Re8+ Kh7
37.Qc2+ g6 38.Re4 f3  0-1

[Event "Kotov mem"]
[Site "Odessa"]
[Date "1989.??.??"]
[Round "?"]
[White "Kaminski, Uwe"]
[Black "Zhelnin, Vladimir V"]
[Result "0-1"]
[WhiteElo "2405"]
[BlackElo "2320"]

1.e4 c5 2.Nf3 d6 3.d4 cxd4 4.Nxd4 Nf6 5.Nc3 a6 6.Be3 e6 7.f3 b5 8.g4 h6 9.h4 Bb7
10.Qe2 Nbd7 11.Rg1 g6 12.g5 hxg5 13.hxg5 Nh5 14.Qd2 b4 15.Na4 d5 16.exd5 Bxd5
17.O-O-O Qc7 18.Kb1 Be7 19.f4 Bb7 20.Bg2 Rd8 21.Rh1 Nc5 22.Nxc5 Bxc5 23.Bxb7 Qxb7
24.Qf2 Qd5 25.Qe2 Qe4 26.Nxe6 Qxe6 27.Rxd8+ Kxd8 28.Qd3+ Bd6 29.Qxa6 Re8
30.Rd1 Ke7 31.Qb7+ Kf8 32.Bc1 Kg8 33.f5 gxf5 34.Rh1 Ng3 35.Rh6 Qe7 36.Qg2 Be5
37.g6 Qe6  0-1

[Event "Paris op-1"]
[Site "Paris"]
[Date "1989.??.??"]
[Round "?"]
[White "Thebault, Bernard"]
[Black "Le Bris, G."]
[Result "0-1"]
[WhiteElo "2265"]
[BlackElo "1700"]

1.e4 c5 2.Nf3 d6 3.d4 cxd4 4.Nxd4 Nf6 5.Nc3 a6 6.Be3 e5 7.Nf3 b5 8.a4 b4
9.Nd5 Nbd7 10.Nxb4 Bb7 11.Bc4 Nxe4 12.Bd5 Bxd5 13.Nxd5 Nef6 14.O-O Nxd5 15.Qxd5 Be7
16.a5 O-O 17.Rfd1 Nf6 18.Qa2 Qc7 19.c4 e4 20.Nd4 Ng4 21.Bf4 Bf6 22.Nf5 Qc5
23.Ne3 Nxe3 24.Bxe3 Qh5 25.Rd5 Be5 26.h3 g5 27.c5 g4 28.hxg4 Qh2+ 29.Kf1 Rab8
30.Rb1 Qh1+ 31.Ke2 Qxg2 32.cxd6 Qf3+ 33.Kd2 Bf4 34.Qa3 Qxf2+  0-1

[Event "Podolsk GMA-qual"]
[Site "Podolsk"]
[Date "1989.??.??"]
[Round "?"]
[White "Frolov, Artur"]
[Black "Anastasian, Ashot"]
[Result "1/2-1/2"]
[WhiteElo "2460"]
[BlackElo "2495"]

1.e4 c5 2.Nf3 d6 3.d4 cxd4 4.Nxd4 Nf6 5.Nc3 a6 6.Be3 e6 7.f3 Be7 8.g4 Nc6
9.Qd2 Nxd4 10.Qxd4 e5 11.Qb6 Be6 12.O-O-O Qc8 13.Nd5 Bxd5 14.exd5 O-O 15.g5 Nd7
16.Qb4 b5 17.h4 Qc7 18.Bd3 Nc5 19.Bf5 g6 20.Bh3 f5 21.gxf6 Rxf6 22.Qg4 Raf8
23.h5 Rf4 24.Bxf4 Rxf4 25.Qg2 g5 26.Kb1 h6 27.c3 a5 28.Qc2 Rf6 29.Rhg1 Bf8
30.Bf5 Qb7 31.Rg4 Bg7 32.Be4 Rf8 33.Qh2 Kh8 34.Qe2 b4 35.cxb4 Qxb4 36.Rc1 Rb8
37.Rc4 Qb6 38.Qc2 Rf8 39.Rg2 Rf4 40.a3 Bf8 41.Ka2 Qb5 42.Qc3 Rf7 43.Rxc5 dxc5
44.Bd3 Qb8 45.Bg6 Rf6 46.Re2 Bd6 47.Re3 Qa8 48.Qc4 a4 49.Rd3 Qa5 50.Qg4 Qb5
51.Rc3 Kg7 52.Bc2 Rf4 53.Qe6 Rf6 54.Qc8 e4 55.Bxe4 Be5 56.Qxc5 Qb8 57.Rc2 Rb6
58.Qe7+ Kg8 59.Rc8+ Qxc8 60.Qxe5 Qc4+ 61.Ka1 Qc1+ 62.Bb1 Qf4 63.Qe8+ Kg7
64.Qd7+ Qf7 65.Qxa4 Qxd5 66.Qa7+ Qb7 67.Qa5 Qc6 68.Qe5+  1/2-1/2

[Event "CSR-ch int"]
[Site "Prague"]
[Date "1989.??.??"]
[Round "6"]
[White "Conquest, Stuart"]
[Black "Stohl, Igor"]
[Result "1-0"]
[WhiteElo "2490"]
[BlackElo "2455"]

1.e4 c5 2.Nf3 d6 3.d4 cxd4 4.Nxd4 Nf6 5.Nc3 a6 6.Be3 e6 7.Qd2 b5 8.f3 Nbd7
9.g4 h6 10.O-O-O Bb7 11.Bd3 Ne5 12.Rhe1 Be7 13.Kb1 Nfd7 14.f4 Nxg4 15.Bg1 b4
16.Nd5 O-O 17.Nxe7+ Qxe7 18.Qg2 Ngf6 19.Bf2 Ne8 20.Qh3 Nc5 21.Bh4 Qd7 22.Re3 f6
23.Rg1 Kh8 24.Be1 a5 25.Rg6 Nxd3 26.cxd3 Nc7 27.f5 e5 28.Reg3 exd4 29.Bd2 Rf7
30.Rxh6+ gxh6 31.Qxh6+ Rh7 32.Qxf6+ Rg7 33.Bh6 Rg8 34.Bxg7+ Rxg7 35.Qf8+  1-0

[Event "Sverdlovsk"]
[Site "Sverdlovsk"]
[Date "1989.??.??"]
[Round "?"]
[White "Fogarasi, Tibor"]
[Black "Rashkovsky, Nukhim N"]
[Result "1/2-1/2"]
[WhiteElo "2395"]
[BlackElo "2520"]

1.e4 c5 2.Nf3 d6 3.d4 cxd4 4.Nxd4 Nf6 5.Nc3 a6 6.Be3 e5 7.Nf3 Be7 8.Bc4 O-O
9.O-O Nc6 10.Qe2 b5 11.Bb3 Na5 12.Bg5 Be6  1/2-1/2

[Event "Sverdlovsk"]
[Site "Sverdlovsk"]
[Date "1989.??.??"]
[Round "?"]
[White "Fogarasi, Tibor"]
[Black "Janovsky, Sergey"]
[Result "1/2-1/2"]
[WhiteElo "2395"]
[BlackElo "2360"]

1.e4 c5 2.Nf3 d6 3.d4 cxd4 4.Nxd4 Nf6 5.Nc3 a6 6.Be3 e5 7.Nf3 Qc7 8.a4 Be6
9.a5 Nc6 10.Bb6 Qd7 11.Be2 d5 12.exd5 Nxd5 13.Nxd5 Qxd5 14.Qxd5 Bxd5  1/2-1/2

[Event "SWE-ch"]
[Site "?"]
[Date "1989.??.??"]
[Round "?"]
[White "Winsnes, Rikard"]
[Black "Ziegler, Ari"]
[Result "1/2-1/2"]
[WhiteElo "2355"]
[BlackElo "2315"]

1.e4 c5 2.Nf3 d6 3.d4 cxd4 4.Nxd4 Nf6 5.Nc3 a6 6.Be3 e6 7.f3 b5 8.Qd2 Bb7
9.O-O-O Nbd7 10.g4 Nb6 11.Qf2 Nfd7 12.Bd3 Rc8 13.Nce2 Qc7 14.Kb1 Nc5 15.g5 b4
16.h4 d5 17.e5 Nc4 18.f4 a5 19.h5 Ba6 20.g6 hxg6 21.hxg6 Rxh1 22.Rxh1 Nxd3
23.cxd3 Na3+ 24.bxa3 bxa3 25.gxf7+ Kxf7 26.Ka1 Bb4 27.Rc1 Qb8 28.f5 Rxc1+
29.Bxc1 Bxd3 30.fxe6+ Kg8 31.Qf7+ Kh8 32.Nc6 Qb5 33.Qh5+ Bh7 34.Qe8+ Bg8
35.Qh5+ Bh7 36.Qe8+ Bg8 37.Qh5+  1/2-1/2

[Event "SWE-ch"]
[Site "?"]
[Date "1989.??.??"]
[Round "?"]
[White "Ziegler, Ari"]
[Black "Wessman, Richard"]
[Result "0-1"]
[WhiteElo "2315"]
[BlackElo "2370"]

1.e4 c5 2.Nf3 d6 3.d4 cxd4 4.Nxd4 Nf6 5.Nc3 a6 6.Be3 e6 7.f3 Nc6 8.Qd2 Be7
9.g4 O-O 10.O-O-O Nd7 11.h4 Nde5 12.Be2 b5 13.g5 Nxd4 14.Qxd4 Nc6 15.Qd2 Qa5
16.b3 d5 17.exd5 Bb4 18.dxc6 Bxc3 19.Qd6 Qxa2  0-1

[Event "FIN-ch"]
[Site "Tampere"]
[Date "1989.??.??"]
[Round "?"]
[White "Pirttimaki, Timo"]
[Black "Nokka, Risto"]
[Result "1-0"]
[WhiteElo "2250"]
[BlackElo "2250"]

1.Nf3 c5 2.e4 d6 3.d4 cxd4 4.Nxd4 Nf6 5.Nc3 a6 6.Be3 e6 7.Qd2 Be7 8.f3 e5
9.Nde2 Nc6 10.g4 Be6 11.Nd5 Bxd5 12.exd5 Na5 13.Ng3 Qc7 14.b3 g6 15.c4 b6
16.Rc1 Nb7 17.g5 Nd7 18.Bh3 h6 19.gxh6 f5 20.Bxf5 gxf5 21.Nxf5 Bf6 22.Ng7+ Bxg7
23.hxg7 Rg8 24.Bh6 O-O-O 25.b4 Rde8 26.Rg1 Nf6 27.Qg5 Qe7 28.Rc2 Nd7 29.Rcg2 Nd8
30.Qxe7 Rxe7 31.Rg6 Rf7 32.Ke2 Rf6 33.h4 Nf7 34.Be3 Rf5 35.Bg5 Nxg5 36.R1xg5 Rxg5
37.Rxg5 Nf6 38.Rf5 Rxg7 39.Rxf6 Rg2+ 40.Kd3 Kd7 41.Rf7+ Kc8 42.h5 Rh2 43.Rh7 Rxa2
44.h6 Rh2 45.Rh8+ Kb7 46.h7 a5 47.c5 e4+ 48.fxe4  1-0

[Event "Tapolca"]
[Site "Tapolca"]
[Date "1989.??.??"]
[Round "?"]
[White "Magyar, Otto"]
[Black "Kumric, D."]
[Result "1/2-1/2"]
[WhiteElo "2325"]
[BlackElo "2200"]

1.e4 c5 2.Nf3 d6 3.d4 cxd4 4.Nxd4 Nf6 5.Nc3 a6 6.Be3 e5 7.Nb3 Be6 8.Be2 Be7
9.O-O Nbd7 10.f3 Nb6 11.Re1 O-O 12.Bf2 Qc7 13.Nd2 Rfd8 14.Bd3 d5 15.exd5 Nbxd5
16.Nxd5 Nxd5 17.Nb3 f6 18.Re2 Nf4 19.Rd2 Bxb3 20.axb3 Nxd3 21.Rxd3 Rxd3 22.Qxd3 Rd8
23.Qe2 Qd7 24.Be3 f5 25.Kf1 Bf6 26.Bb6 Rc8 27.c3 Rc6 28.Rd1 Qe6 29.Bd8 Qxb3
30.Bxf6 Rxf6 31.Rd8+ Rf8 32.Rxf8+ Kxf8 33.Qxe5 Qd1+ 34.Kf2 Qd2+ 35.Qe2 Qd7
36.Qe3 Kf7 37.f4 Qe6 38.Qd4 b5 39.b4 Kg6 40.h3 Kf7  1/2-1/2

[Event "Tapolca"]
[Site "Tapolca"]
[Date "1989.??.??"]
[Round "?"]
[White "Dragojlovic, Andjelko"]
[Black "Kumric, D."]
[Result "1-0"]
[WhiteElo "2315"]
[BlackElo "2200"]

1.e4 c5 2.Nf3 d6 3.d4 cxd4 4.Nxd4 Nf6 5.Nc3 a6 6.Be3 e5 7.Nb3 Be6 8.Qd2 b5
9.f3 Nbd7 10.O-O-O Be7 11.g4 Nb6 12.g5 Nfd7 13.Na5 Qc8 14.Nd5 Bxd5 15.exd5 Nc4
16.Bxc4 bxc4 17.Nc6 Nb8 18.Nxe7 Kxe7 19.f4 Nd7 20.fxe5 Nxe5 21.Bd4 Rd8 22.Qe3 Kf8
23.Bxe5 dxe5 24.Qxe5 Ra7 25.d6 Qc6 26.Rhe1 Re8 27.Qxe8+ Qxe8 28.Rxe8+ Kxe8
29.Rd4 Kd7 30.Kd2 Rb7 31.Kc3 Rb5 32.h4 Rb7 33.a4 Rb6 34.Rf4  1-0

[Event "Tapolca"]
[Site "Tapolca"]
[Date "1989.??.??"]
[Round "?"]
[White "Szalanczy, Emil"]
[Black "Kumric, D."]
[Result "1-0"]
[WhiteElo "2400"]
[BlackElo "2200"]

1.e4 c5 2.Nf3 d6 3.d4 cxd4 4.Nxd4 Nf6 5.Nc3 a6 6.Be3 e5 7.Nb3 Be6 8.Qd2 Be7
9.f3 Nbd7 10.O-O-O b5 11.Kb1 O-O 12.g4 Nb6 13.g5 Nh5 14.Nd5 Nxd5 15.exd5 Bd7
16.Na5 Qc7 17.Bd3 Rfc8 18.Be4 Bf8 19.Rhg1 g6 20.Nc6 a5 21.c3 Qb7 22.Rc1 Be8
23.h4 b4 24.c4 Rxc6 25.dxc6 Bxc6 26.Bxc6 Qxc6 27.Qd5 Qa6 28.c5 dxc5 29.Rgd1 Nf4
30.Bxf4 exf4 31.Qc4 Qb7 32.Rd5 a4 33.Rcd1 Qe7 34.Rd7 Qe8 35.Qxf4 a3 36.Qe4 Qb8
37.b3 Qh2 38.R1d2 Qb8 39.Kc2 Qc8 40.Qc4 Qe8 41.f4 Bg7 42.Qe2 Bd4 43.Qe7 Qxe7
44.Rxe7 Rf8 45.Rde2 Ra8 46.Rc7 Kg7 47.Ree7 Rf8 48.Kd3 h6 49.gxh6+ Kxh6 50.Rxf7 Rxf7
51.Rxf7 Kh5 52.f5  1-0

[Event "Tirnavia-B"]
[Site "Trnava"]
[Date "1989.??.??"]
[Round "2"]
[White "Schlosser, Michael"]
[Black "Stohl, Igor"]
[Result "0-1"]
[WhiteElo "2440"]
[BlackElo "2455"]

1.e4 c5 2.Nf3 d6 3.d4 cxd4 4.Nxd4 Nf6 5.Nc3 a6 6.Be3 e6 7.f3 Nbd7 8.Qd2 b5
9.g4 h6 10.O-O-O Bb7 11.Bd3 Ne5 12.Rhe1 Be7 13.h4 b4 14.Nce2 d5 15.exd5 Nxd5
16.h5 Qc7 17.Kb1 O-O-O 18.Nc1 Nxe3 19.Qxe3 Nc4 20.Bxc4 Qxc4 21.Ncb3 Bf6 22.Rd3 Rd5
23.Red1 Kb8 24.Ne2 Rc8 25.R1d2 Rxd3 26.Qxd3 Qxd3 27.Rxd3 Rd8 28.Nd2 Rxd3
29.cxd3 Kc7 30.Kc2 Bg5 31.Ne4 Be7 32.d4 f5 33.gxf5 exf5 34.Nd2 Bd5 35.Ng3 f4
36.Ne2 Bg5 37.Kd3 Bf7 38.Ke4 Bxh5 39.Nxf4 Bf7 40.b3 h5 41.Kf5 Bxf4 42.Kxf4 Kd6
43.Ne4+ Kd5 44.Nc5 a5 45.Ke3 h4 46.Nd3 g5 47.Ne5 Be6 48.Nc4 h3 49.Kf2 Kxd4
50.Nxa5 Bd5 51.Kg3 Kc3 52.Kxh3 Bxf3 53.Kg3 g4 54.Nc4 Be2 55.Ne3 Kb2 56.Nd5 Ka3
57.Ne3 Kxa2 58.Nc2 Kxb3 59.Nd4+ Kc4 60.Nxe2 b3  0-1

[Event "Warsaw op"]
[Site "Warsaw"]
[Date "1989.??.??"]
[Round "?"]
[White "Woda, Jacek"]
[Black "Petrosian, Arshak B"]
[Result "0-1"]
[WhiteElo "2335"]
[BlackElo "2475"]

1.e4 c5 2.Nf3 d6 3.d4 cxd4 4.Nxd4 Nf6 5.Nc3 a6 6.Be3 e5 7.Nf3 Qc7 8.a4 Be7
9.a5 O-O 10.Be2 Nbd7 11.O-O b5 12.axb6 Nxb6 13.Qd3 Rb8 14.Nd2 g6 15.Rfb1 Rd8
16.Bxb6 Rxb6 17.Ra4 d5 18.exd5 Bf5 19.Qc4 Qb7 20.Bf3 Qb8 21.Bd1 Rxb2 22.Rxb2 Qxb2
23.Rxa6 Bb4 24.Rxf6 Qxc3 25.Qxc3 Bxc3 26.Nb1 Ba5 27.g4 Rxd5 28.Bf3 e4 29.Be2 Be6
30.Rf4 Re5 31.h4 h6 32.f3 exf3 33.Bf1 Re1 34.Na3 Bb6+  0-1

[Event "Warsaw op"]
[Site "Warsaw"]
[Date "1989.??.??"]
[Round "?"]
[White "Mnatsakanian, Eduard A"]
[Black "Malisauskas, Vidmantas"]
[Result "1-0"]
[WhiteElo "2395"]
[BlackElo "2500"]

1.e4 c5 2.Nf3 d6 3.d4 cxd4 4.Nxd4 Nf6 5.Nc3 a6 6.Be3 e5 7.Nb3 Be6 8.f3 Nbd7
9.Qd2 Be7 10.g4 h6 11.h4 b5 12.a4 b4 13.Nd5 Bxd5 14.exd5 Nb6 15.Bxb6 Qxb6
16.a5 Qd8 17.O-O-O Nh7 18.Qxb4 Bxh4 19.Bxa6 O-O 20.Bb7 Bg5+ 21.Kb1 Qb8 22.Qb6 Bd8
23.Qc6 Rxa5 24.Nxa5 Bxa5 25.Rd3 Bb4 26.Rb3 Bc5 27.Ba6 Qd8 28.Bd3 Ng5 29.Be4 Qf6
30.Qa6 Qf4 31.Qd3 Qg3 32.Qf1 Nxe4 33.fxe4 Qxg4 34.Qf3 f5 35.exf5 Qxf5 36.Qxf5 Rxf5
37.Rb8+ Kh7 38.b4 Bd4 39.b5 e4 40.Rd1 Bc5 41.b6 e3 42.Re1 Rf7 43.c3 g5 44.Kc2 g4
45.Kd3 g3 46.Re2 Rf1 47.b7 Rb1 48.Rg2 Ba7 49.Re8 Rxb7 50.Rxg3 Bc5 51.Re6 Rb2
52.Re7+ Kh8 53.Re8+ Kh7 54.Re7+ Kh8 55.Rg6 Rd2+ 56.Kc4 Rh2 57.Rb7 Rh4+ 58.Kd3 Rh5
59.c4 Rh2 60.Re6 Rd2+ 61.Ke4 Rg2 62.Re8+ Rg8 63.Rxg8+ Kxg8 64.Re7 Kf8 65.Re6 h5
66.Kf5 Kf7 67.Kg5 Bd4 68.Re4 Bc5 69.Kxh5 Kf6 70.Kg4  1-0

[Event "JUG-chT"]
[Site "Zlatibor"]
[Date "1989.??.??"]
[Round "?"]
[White "Micic, Jordanka"]
[Black "Dengler, Dijana"]
[Result "1-0"]
[WhiteElo "2215"]
[BlackElo "2065"]

1.e4 c5 2.Nf3 d6 3.d4 cxd4 4.Nxd4 Nf6 5.Nc3 a6 6.Be3 e5 7.Nf3 h6 8.Bc4 Be6
9.Bxe6 fxe6 10.Nh4 Nc6 11.Ng6 Rg8 12.O-O Qc7 13.a4 O-O-O 14.f4 d5 15.fxe5 dxe4
16.Qe2 Nxe5 17.Nxe5 Qxe5 18.Qc4+ Kd7 19.Rad1+ Ke8 20.Rxd8+ Kxd8 21.Bd4 Qg5
22.Bb6+ Ke7 23.Nxe4 Qe5 24.Nxf6 gxf6 25.Bd4 Qd5 26.Qxd5 exd5 27.Bxf6+ Ke6
28.Bd4 Bg7 29.Bxg7 Rxg7 30.Rf3 Ke5 31.c3 Rc7 32.Rh3 Rc6 33.Kf2 Rf6+ 34.Ke3 Rg6
35.g3 Rf6 36.Rh5+ Kd6 37.Kd4 Rf2 38.Rxh6+ Kc7 39.b4 Rd2+ 40.Kc5 Rd3 41.Rh7+  1-0

[Event "Athens (Women)"]
[Site "Athens"]
[Date "1990.??.??"]
[Round "?"]
[White "Kondou, Eva"]
[Black "Karayani, E."]
[Result "1-0"]
[WhiteElo "2240"]
[BlackElo "2015"]

1.e4 c5 2.Nf3 d6 3.d4 cxd4 4.Nxd4 Nf6 5.Nc3 a6 6.Be3 e5 7.Nb3 Be7 8.Bc4 Nbd7
9.Nc1 Nb6 10.Bb3 Qc7 11.Qe2 Bd7 12.O-O Rc8 13.Nd3 h6 14.Rae1 Nc4 15.Bc1 O-O
16.Kh1 Na5 17.Bd5 Nc6 18.Bxc6 bxc6 19.f4 Bg4 20.Qf2 exf4 21.Nxf4 Rb8 22.Qg3 Bd7
23.Nfe2 Kh7 24.Nd4 Nh5 25.Qf3 g6 26.Nf5 Bg5 27.Bxg5 hxg5 28.b3 Nf4 29.Ne3 Be6
30.g3 Nh5 31.Ng4 Qa5 32.Re3 d5 33.exd5 cxd5 34.Nf6+ Nxf6 35.Qxf6 Qc5 36.Qxg5 Rb4
37.g4 Rh8 38.Rxe6  1-0

[Event "Bad Ragaz op"]
[Site "Bad Ragaz"]
[Date "1990.??.??"]
[Round "5"]
[White "Domont, Alexandre"]
[Black "Klundt, Klaus"]
[Result "1-0"]
[WhiteElo "2315"]
[BlackElo "2415"]

1.e4 c5 2.Nf3 d6 3.d4 cxd4 4.Nxd4 Nf6 5.Nc3 a6 6.Be3 e5 7.Nf3 Be7 8.Bc4 O-O
9.Qe2 Nbd7 10.a4 b6 11.Nd2 Bb7 12.O-O Qc7 13.Rfc1 Rfd8 14.Bd5 Bxd5 15.Nxd5 Nxd5
16.exd5 f5 17.f3 Bf6 18.Qc4 Qb8 19.Qc6 Ra7 20.a5 Rc8 21.axb6 Rb7 22.Qa4 Nxb6
23.Qxa6 Nxd5 24.Qa2 Rb5 25.Nc4 Nb4 26.Qb3 d5 27.Na3 Ra5 28.Bd2 Be7 29.c4 Bc5+
30.Kh1 d4 31.Nb5 Rxa1 32.Rxa1 Nc6 33.Qd3 g6 34.Rb1 Re8 35.b4 e4 36.Qb3 Bf8
37.c5+ Kh8 38.Qc4 Qe5 39.Nxd4 Nxd4 40.Bc3 Bg7 41.fxe4 Qxe4 42.Rd1 Qc2 43.Ra1 f4
44.Qf7 Rf8 45.Bxd4  1-0

[Event "Badenweiler op"]
[Site "Badenweiler"]
[Date "1990.??.??"]
[Round "9"]
[White "Vatter, Hans Joachim"]
[Black "Kubacsny, Laszlo"]
[Result "1-0"]
[WhiteElo "2320"]
[BlackElo "2330"]

1.e4 c5 2.Nf3 d6 3.d4 cxd4 4.Nxd4 Nf6 5.Nc3 a6 6.Be3 e6 7.Qd2 b5 8.f3 Bb7
9.g4 h6 10.O-O-O Nbd7 11.Bd3 Nb6 12.h4 Nfd7 13.g5 hxg5 14.hxg5 Rxh1 15.Rxh1 g6
16.Rh8 Ne5 17.f4 Nec4 18.Qf2 Nxe3 19.Qxe3 e5 20.Ndxb5 axb5 21.Bxb5+ Ke7 22.f5 d5
23.exd5 Nd7 24.f6+ Kd6 25.Ne4+ Kxd5 26.Qd3+  1-0

[Event "Balassagyarmat"]
[Site "Balassagyarmat"]
[Date "1990.??.??"]
[Round "7"]
[White "Tseshkovsky, Vitaly"]
[Black "Ruban, Vadim"]
[Result "0-1"]
[WhiteElo "2490"]
[BlackElo "2565"]

1.e4 c5 2.Nf3 d6 3.d4 cxd4 4.Nxd4 Nf6 5.Nc3 a6 6.Be3 Ng4 7.Bg5 h6 8.Bh4 g5
9.Bg3 Bg7 10.Be2 h5 11.h4 gxh4 12.Bxh4 Nc6 13.Nb3 Bxc3+ 14.bxc3 Be6 15.Qd2 Nge5
16.Nd4 Bc4 17.Nxc6 bxc6 18.Bxc4 Nxc4 19.Qg5 Qd7 20.Rb1 Kf8 21.Bg3 Qe6 22.Rxh5 Qxe4+
23.Kf1 Rxh5 24.Qxh5 Kg7 25.Qg5+ Qg6 26.Qxg6+ Kxg6 27.Rb7 e6 28.Rc7 Rb8 29.Rxc6 Rb1+
30.Ke2 d5 31.Rxa6 Rc1 32.a4 Rxc2+ 33.Ke1 Rxc3 34.a5 Ra3 35.Bc7 d4 36.Rc6 Nxa5
37.Rd6 Nb3 38.Rd8 f6 39.g4 e5 40.f4 e4 41.Kf2 e3+ 42.Kf3 Ra1 43.f5+ Kf7 44.Bd6 Rf1+
45.Ke2 Rg1 46.Rd7+ Ke8 47.Re7+ Kd8 48.Re4 Kd7 49.Bb4 Kc6 50.Re6+ Kd5 51.Rxf6 Kc4
52.Ba3 Rg2+ 53.Kf3 Rf2+ 54.Kg3 Nd2 55.Re6 Nf1+ 56.Kh4 d3 57.Rc6+ Kb3 58.Rd6  0-1

[Event "Barcelona"]
[Site "Barcelona"]
[Date "1990.??.??"]
[Round "2"]
[White "Magem Badals, Jorge"]
[Black "Vera, Reynaldo"]
[Result "1-0"]
[WhiteElo "2470"]
[BlackElo "2485"]

1.e4 c5 2.Nf3 d6 3.d4 cxd4 4.Nxd4 Nf6 5.Nc3 a6 6.Be3 e6 7.Qd2 b5 8.f3 Bb7
9.g4 h6 10.O-O-O Nbd7 11.h4 b4 12.Nce2 d5 13.Bh3 Qa5 14.Kb1 dxe4 15.g5 hxg5
16.hxg5 exf3 17.Ng3 Bd5 18.Nb3 Qc7 19.Bf4 Bd6 20.Bxd6 Qxd6 21.gxf6 Nxf6 22.Qg5 Rh6
23.Nf1 Ke7 24.Ne3 Kf8 25.Nxd5 Nxd5 26.Bg4 Qg3 27.Rhg1 Qf4 28.Rxd5 f2 29.Rd8+  1-0

[Event "Bayamo"]
[Site "Bayamo"]
[Date "1990.??.??"]
[Round "7"]
[White "Paneque, Pedro"]
[Black "Herrera, Irisberto"]
[Result "1-0"]
[WhiteElo "2380"]
[BlackElo "2410"]

1.e4 c5 2.Nf3 d6 3.d4 cxd4 4.Nxd4 Nf6 5.Nc3 a6 6.Be3 e5 7.Nb3 Be6 8.Qd2 Nbd7
9.f4 Rc8 10.f5 Bxb3 11.axb3 d5 12.Nxd5 Nxe4 13.Qa5 Qxa5+ 14.Rxa5 Nd6 15.Bd2 Nxf5
16.Bd3 Nd4 17.O-O Bd6 18.Ne3 Bc7 19.Raa1 Nf6 20.Nf5 Nxf5 21.Bxf5 Rb8 22.Ba5 Bd6
23.Rad1 Ke7 24.Bb6 g6 25.c4 e4 26.Bh3 Rhd8 27.g3 Be5 28.Bxd8+ Rxd8 29.Rxd8 Kxd8
30.Bg2 Bd4+ 31.Kh1 e3 32.Rd1 Kc7 33.Re1 Ng4 34.Bf3 Ne5 35.Kg2 f5 36.Re2 Nd3
37.Kf1 Nxb2 38.Rc2 Nd3 39.Ke2 Nb4 40.Rc1 Kb6 41.Rd1 Bc5 42.Rd7 Nc6 43.Bxc6 Kxc6
44.Rxh7 b5 45.Rg7  1-0

[Event "Bayamo"]
[Site "Bayamo"]
[Date "1990.??.??"]
[Round "11"]
[White "Paneque, Pedro"]
[Black "Verduga, Denis Homero"]
[Result "0-1"]
[WhiteElo "2380"]
[BlackElo "2405"]

1.e4 c5 2.Nf3 d6 3.d4 cxd4 4.Nxd4 Nf6 5.Nc3 a6 6.Be3 e5 7.Nb3 Be7 8.f3 Be6
9.Qd2 O-O 10.O-O-O a5 11.Bb5 Nc6 12.Qf2 Qb8 13.g4 Rc8 14.Kb1 a4 15.Nxa4 Rxa4
16.Bxa4 b5 17.Bxb5 Qxb5 18.Bd2 Ra8 19.Rhe1 Qa6  0-1

[Event "Biel-B"]
[Site "Biel"]
[Date "1990.??.??"]
[Round "1"]
[White "Campora, Daniel H"]
[Black "Brunner, Lucas"]
[Result "1/2-1/2"]
[WhiteElo "2510"]
[BlackElo "2475"]

1.e4 c5 2.Nf3 d6 3.d4 cxd4 4.Nxd4 Nf6 5.Nc3 a6 6.Be3 e5 7.Nb3 Be6 8.Qd2 Nbd7
9.f3 b5 10.a4 b4 11.Nd5 Bxd5 12.exd5 Nb6 13.Bxb6 Qxb6 14.a5 Qb7 15.Bc4 Be7
16.Ra4 Rb8 17.O-O O-O 18.Qd3 Ra8 19.Kh1 Nd7 20.Qd2 Rab8 21.Qe2 Ra8 22.Raa1 Bg5
23.Ra4 Rfe8 24.Qe1 Rab8 25.Qe2 Ra8 26.Qe1 Rab8 27.Qe2 Ra8 28.Qe1  1/2-1/2

[Event "Biel op"]
[Site "Biel"]
[Date "1990.??.??"]
[Round "5"]
[White "Zakic, Srdjan"]
[Black "Maeder, Karl Heinz"]
[Result "0-1"]
[WhiteElo "2425"]
[BlackElo "2375"]

1.e4 c5 2.Nf3 d6 3.d4 cxd4 4.Nxd4 Nf6 5.Nc3 a6 6.Be3 e6 7.f4 b5 8.Bd3 Bb7
9.Qf3 Nbd7 10.g4 b4 11.Nce2 e5 12.Nf5 g6 13.Nfg3 h5 14.gxh5 exf4 15.Bxf4 Nxh5
16.Nxh5 Rxh5 17.Ng3 Rh7 18.O-O-O Qf6 19.Rhf1 Rc8 20.Qe3 Bg7 21.e5 Nxe5 22.Be4 Rxh2
23.Kb1 Nc4 24.Bc6+ Kf8 25.Bxd6+ Qxd6 26.Qf3 Qc7 27.Rd7 Nd2+ 28.Rxd2 Rxd2  0-1

[Event "Bielsko Biala op"]
[Site "Bielsko Biala"]
[Date "1990.??.??"]
[Round "1"]
[White "Kislov, Mikhail"]
[Black "Jaworski, Miroslaw"]
[Result "1-0"]
[WhiteElo "2425"]
[BlackElo "2290"]

1.e4 c5 2.Nf3 d6 3.d4 cxd4 4.Nxd4 Nf6 5.Nc3 a6 6.Be3 e5 7.Nb3 Be6 8.Be2 Be7
9.f4 exf4 10.Bxf4 Nc6 11.Qd2 O-O 12.O-O-O Ne5 13.Nd4 Qd7 14.Kb1 Rac8 15.Qe3 Nc4
16.Bxc4 Rxc4 17.b3 Ng4 18.Qe1 Rxc3 19.Qxc3 Nf2 20.Rhe1 Nxd1 21.Rxd1 Rc8 22.Qd3 g6
23.h3 Bf8 24.g4 Re8 25.Nf5 gxf5 26.gxf5 f6 27.Rg1+ Kh8 28.fxe6 Qxe6 29.Qd5 Qxd5
30.exd5 Re4 31.Bc1 Be7 32.c4 h5 33.Kc2 Re2+ 34.Bd2 Rh2 35.Rg3 Bf8 36.Kd3 h4
37.Rf3 Kg7 38.Bc3 Be7 39.a4 Kg6 40.c5 dxc5 41.d6 Bd8 42.d7 f5 43.Re3 b5 44.Re8 Rxh3+
45.Kc2 Rh2+ 46.Kd1 Rh1+ 47.Ke2 Rh2+ 48.Kf1 Bc7 49.Rc8 Rh1+ 50.Kg2 Rd1 51.Rxc7 b4
52.Be1 Kh5 53.Rxc5 Kg4 54.Rc4+  1-0

[Event "Bielsko Biala op"]
[Site "Bielsko Biala"]
[Date "1990.??.??"]
[Round "8"]
[White "Kolasinski, Marek"]
[Black "Pisulinski, Jan"]
[Result "0-1"]
[WhiteElo "2265"]
[BlackElo "2365"]

1.Nf3 c5 2.e4 d6 3.d4 cxd4 4.Nxd4 Nf6 5.Nc3 a6 6.Be3 e5 7.Nb3 Be6 8.Qd2 Be7
9.f3 Nbd7 10.g4 h6 11.O-O-O b5 12.Kb1 b4 13.Nd5 Bxd5 14.exd5 Nb6 15.h4 Nbxd5
16.g5 Nxe3 17.gxf6 Nxf1 18.Qxb4 Bxf6 19.Rxd6 Qe7 20.Qa4+ Kf8 21.Qc6 Qe8 22.Rxf6 gxf6
23.Qxf6 Rh7 24.Rxf1 Qe6 25.Qxe6 fxe6 26.Nc5 Ke7 27.Nd3 Rg7 28.Nxe5 Rg2 29.c4 Re2
30.f4 Rg8 31.c5 Rgg2 32.Nc4 Rgf2 33.Rd1 Rxf4 34.b3 Rf5 35.c6 Rd5 36.Rg1 Rc5
37.Rg6 h5 38.Rg7+ Kf6  0-1

[Event "Bielsko Biala op"]
[Site "Bielsko Biala"]
[Date "1990.??.??"]
[Round "8"]
[White "Gdanski, Jacek"]
[Black "Malisauskas, Vidmantas"]
[Result "1/2-1/2"]
[WhiteElo "2430"]
[BlackElo "2500"]

1.e4 c5 2.Nf3 d6 3.d4 cxd4 4.Nxd4 Nf6 5.Nc3 a6 6.Be3 e5 7.Nb3 Be6 8.f3 Nbd7
9.Qd2 Be7 10.g4 h6 11.O-O-O b5 12.Qf2 b4 13.Na4 Qc7 14.Nb6 Nxb6 15.Bxb6 Qc6
16.Kb1 Nd7 17.Be3 a5 18.Nc1 O-O 19.h4 Rfc8 20.g5 h5 21.Bh3 g6 22.Nd3 Rc7  1/2-1/2

[Event "Bielsko Biala op"]
[Site "Bielsko Biala"]
[Date "1990.??.??"]
[Round "10"]
[White "Rakowiecki, Tomasz"]
[Black "Jaworski, Miroslaw"]
[Result "1/2-1/2"]
[WhiteElo "2320"]
[BlackElo "2290"]

1.e4 c5 2.Nf3 d6 3.d4 cxd4 4.Nxd4 Nf6 5.Nc3 a6 6.Be3 e5 7.Nf3 Be7 8.Bc4 Be6
9.Bxe6 fxe6 10.Ng5 Qd7 11.Qf3 d5 12.exd5 exd5 13.O-O-O d4 14.Nce4 O-O 15.Bd2 Nxe4
16.Qxe4 Bxg5 17.Bxg5 Rxf2 18.Qxe5 Rxg2 19.Rxd4 Nc6 20.Rxd7 Nxe5 21.Rd8+ Rxd8
22.Bxd8 Nc6 23.Bb6 Nb4 24.Ba5 Rxc2+ 25.Kb1 Rc4 26.Rd1 Nc6 27.Bc3 Re4 28.Kc2 Re2+
29.Kb3 Rxh2 30.Rd7 Rg2 31.Rxb7 h5 32.Rc7 Rg6 33.Bxg7 Na5+ 34.Ka4 Rxg7 35.Rc8+ Kh7
36.Kxa5 Rg6 37.b4 h4 38.a4 Kh6 39.Rc5 Rg4 40.b5 axb5 41.axb5 h3 42.Rc1 Kh5
43.b6  1/2-1/2

[Event "Bielsko Biala op"]
[Site "Bielsko Biala"]
[Date "1990.??.??"]
[Round "11"]
[White "Kislov, Mikhail"]
[Black "Staniszewski, Piotr"]
[Result "1/2-1/2"]
[WhiteElo "2425"]
[BlackElo "2410"]

1.e4 c5 2.Nf3 d6 3.d4 cxd4 4.Nxd4 Nf6 5.Nc3 a6 6.Be3 Nc6 7.f3 e6 8.Qd2 Be7
9.g4 O-O 10.O-O-O Rb8 11.h4 Nd7 12.g5 Nxd4 13.Bxd4 b5 14.f4 b4 15.Ne2 Bb7
16.Ng3 Qa5 17.Kb1 Nc5 18.Bd3 Na4 19.Ka1 Rfc8 20.Rb1 d5 21.Rhe1 dxe4 22.Nxe4 Bd5
23.b3 Nc3 24.Nxc3 bxc3 25.Qe3 Rb4 26.Bxc3 Rxc3 27.Bxh7+ Kxh7 28.Qxc3 Bc5
29.Rbd1 Qc7 30.Qd3+ g6 31.c4 Bxc4 32.bxc4 Bf8 33.Re5 Rxc4 34.h5 Rc1+ 35.Kb2 Rxd1
36.Qxd1 Bg7 37.hxg6+ fxg6 38.Qd4 Bxe5 39.fxe5 Qe7 40.Qd6 Qxg5 41.Qxe6 Qd2+
42.Kb3 Qd3+ 43.Kb4 Qb5+ 44.Kc3 Qc5+ 45.Kd3 Kh6 46.Qd6 Qb5+ 47.Kd4 Qb2+ 48.Kd5 Qxa2+
49.Kc6 Qc4+ 50.Kd7 Qf7+ 51.Kd8 Qg8+ 52.Kc7 Qc4+ 53.Kb6 Qf4 54.Kc7 Qc4+ 55.Kd8 Qg8+
56.Ke7 a5 57.e6 a4 58.Kd7 Qa8 59.e7 Qb7+ 60.Ke6 Qb3+ 61.Qd5 Qe3+ 62.Kd6 Kg7
63.Qb5 Qd4+ 64.Ke6 Qg4+  1/2-1/2

[Event "Bogota op"]
[Site "Bogota"]
[Date "1990.??.??"]
[Round "7"]
[White "Paneque, Pedro"]
[Black "Minaya, Juan M"]
[Result "1-0"]
[WhiteElo "2380"]
[BlackElo "2280"]

1.e4 c5 2.Nf3 d6 3.d4 cxd4 4.Nxd4 Nf6 5.Nc3 a6 6.Be3 e5 7.Nb3 Be6 8.Qd2 Nbd7
9.f3 Be7 10.g4 O-O 11.g5 Nh5 12.O-O-O Rc8 13.Rg1 Nb6 14.Kb1 Qc7 15.Qf2 Nc4
16.Bxc4 Qxc4 17.f4 Nxf4 18.Bxf4 exf4 19.Nd4 Rfd8 20.Qxf4 d5 21.e5 b5 22.h4 b4
23.Nce2 a5 24.h5 Rf8 25.Qd2 Qc7 26.Nf4 Qd7 27.g6 Bc5 28.gxf7+  1-0